| 000 | 00539nam a2200193Ia 4500 | ||
|---|---|---|---|
| 005 | 20250326141454.0 | ||
| 008 | 250326s9999 xx 000 0 und d | ||
| 037 | _aTextbook | ||
| 040 |
_aFMSL _beng _cFMSL |
||
| 041 |
_aeng _2eng |
||
| 084 |
_aD658(B) M9 _qFMSL |
||
| 100 | _aSprague Ralph H | ||
| 245 | 0 |
_aDecision support systems _cSprague Ralph H; Watson H J |
|
| 250 | _a2nd | ||
| 260 |
_aEnglewood _bEnglewood, Prentice-Hall int. _c1989 |
||
| 300 | _a430p | ||
| 942 |
_cTB _hD658(B) M9 |
||
| 999 |
_c1290469 _d1290469 |
||